Loading...
Beliefs | 8 | 4 | 3 | 1 | 145 | 37 | 69.08 | 8 | 12 |
Fine Arts - Visual Fine Arts | 3 | 3 | 2 | 0 | 65 | 54 | 72.67 | 5 | 6 |
Literature - European Literature | 3 | 0 | 0 | 0 | 45 | 20 | 58.00 | 1 | 3 |
World and Other Literature | 0 | 4 | 0 | 0 | 40 | 89 | 112.25 | 2 | 4 |
Literature - British Literature | 1 | 3 | 1 | 0 | 40 | 58 | 93.25 | 1 | 4 |
Literature - American Literature | 1 | 2 | 1 | 0 | 30 | 67 | 74.00 | 2 | 3 |
Science - Chemistry | 1 | 2 | 2 | 0 | 25 | 66 | 80.33 | 3 | 3 |
History - European History | 0 | 2 | 0 | 1 | 20 | 86 | 109.50 | 1 | 2 |
History - World History | 0 | 2 | 0 | 0 | 20 | 82 | 83.50 | 1 | 2 |
Philosophy | 1 | 1 | 1 | 0 | 20 | 66 | 72.00 | 1 | 2 |
Ancient History and Archaeology | 0 | 1 | 0 | 1 | 10 | 138 | 138.00 | 0 | 1 |
Current Events | 0 | 1 | 0 | 0 | 10 | 100 | 100.00 | 1 | 1 |
Fine Arts - Auditory Fine Arts | 0 | 1 | 0 | 0 | 10 | 107 | 107.00 | 0 | 1 |
Other Science: Earth Science | 0 | 1 | 0 | 0 | 10 | 135 | 135.00 | 0 | 1 |
Science - Biology | 0 | 1 | 0 | 0 | 10 | 110 | 110.00 | 0 | 1 |
Science - Physics | 0 | 1 | 0 | 0 | 10 | 77 | 77.00 | 1 | 1 |
Other Arts: Visual | 0 | 1 | 1 | 1 | 5 | 114 | 114.00 | 0 | 1 |
Social Science | 0 | 1 | 2 | 0 | 0 | 64 | 64.00 | 1 | 1 |
Other Arts: Auditory | 0 | 0 | 1 | 0 | -5 | 0.00 | 0 | 0 | |
Other Science: Computer Science | 0 | 0 | 1 | 0 | -5 | 0.00 | 0 | 0 |